000 00335 a2200157 4500
001 64141
020 _a9788576657743
040 _cAnchieta - Pituba
100 _aKirchner, Dan
240 1 0 _aO diário de dan
_lpor
245 1 0 _aO diário de dan
300 _a204p.
362 0 _a2012
650 4 _aLiteratura juvenil
942 _cBK
999 _c64141
_d64141